MARC

LEADER 00000nam0a2200000 4500
001 281948
005 20231101235442.0
035 |a (RuTPU)RU\TPU\book\305811 
090 |a 281948 
100 |a 20150127d1983 ku y0rusy5003 ca 
101 0 |a rus 
102 |a RU 
105 |a a z 001zy 
200 1 |a Проектирование и изготовление металлопластмассовых конструкций  |e межвузовский сборник научных трудов  |f Ижевский механический институт 
210 |a Ижевск  |c Изд-во ИМИ  |d 1983 
215 |a 91 с.  |c ил.  |d 20 см 
320 |a Библиография в конце статей 
606 1 |a Пластмассы  |x Испытание  |2 stltpush  |3 (RuTPU)RU\TPU\subj\67769  |9 83435 
610 1 |a металлопластмассовые конструкции 
610 1 |a проектирование 
610 1 |a изготовление 
610 1 |a исполнительные поверхности 
610 1 |a формообразование 
610 1 |a точность 
610 1 |a полимерные материалы 
610 1 |a композиционные материалы 
610 1 |a реологические параметры 
610 1 |a пластмассы 
610 1 |a гальваническая металлизация 
675 |a 621.002.3:678.5  |z rus 
712 0 2 |a Ижевский механический институт  |2 stltpush  |3 (RuTPU)RU\TPU\col\12489  |9 25432 
801 0 |a RU  |b RuMRKP  |c 19950704  |g psbo 
801 1 |a RU  |b 63413507  |c 20150127 
801 2 |a RU  |b 63413507  |c 20170714  |g RCR 
942 |c BK